|
|
|
|
| LEADER |
00000nab a2200000ua 4500 |
| 001 |
vtls010794444 |
| 003 |
SK-MaSNL |
| 005 |
20260303120313.0 |
| 008 |
230131s2007 xo |||||||||||||||||cze| |
| 035 |
|
|
|a (urnnbn)urn:nbn:sk:snk:ar-a05v48
|
| 035 |
|
|
|a (uuid)6026bb25-625b-4961-93a5-94fba189c867
|
| 035 |
|
|
|a urn:nbn:sk:snk-ab4vmy
|
| 040 |
|
|
|a SNKBUCL
|b slo
|c SNKBUCL
|e AACR2
|
| 041 |
0 |
|
|a cze
|
| 044 |
|
|
|a xo
|c SK
|
| 100 |
1 |
|
|a Karásek, David
|4 aut
|9 558702
|
| 245 |
1 |
0 |
|a Autoimunitní tyroiditida u žen z neplodných párů
|c David Karásek, Ivana Oborná, Jana Březinová, Jiří Dostál, Markéta Lošáková, Milan Halenka, Zdeněk Fryšák
|
| 700 |
1 |
|
|a Oborná, Ivana
|4 aut
|9 1132783
|
| 700 |
1 |
|
|a Březinová, Jana
|4 aut
|9 566834
|
| 700 |
1 |
|
|a Dostál, Jiří
|4 aut
|9 313015
|
| 700 |
1 |
|
|a Lošáková, Markéta
|4 aut
|9 1132784
|
| 700 |
1 |
|
|a Halenka, Milan
|4 aut
|9 1132785
|
| 700 |
1 |
|
|a Fryšák, Zdeněk
|4 aut
|9 12526
|
| 773 |
0 |
|
|t Praktická gynekológia
|g Roč. 14, č. 1 (2007), s. 22-27
|
| 954 |
|
|
|a odborná, vedecká literatúra cudzojazyčná (svetová)
|2 lita
|
| 958 |
|
|
|a OND
|
| 958 |
|
|
|a EUIPO
|
| 958 |
|
|
|a article3
|
| 999 |
|
|
|c 1908749
|d 1910679
|